| 000 | 02003 a2200229 4500 | ||
|---|---|---|---|
| 003 | UA-OsUOA | ||
| 005 | 20251205150400.0 | ||
| 008 | 251205b un ||||| |||| 00| 0 ukr d | ||
| 020 | _a9786178023683 | ||
| 040 |
_bukr _cUA-OsUOA |
||
| 080 | _a821.161.2(73) | ||
| 090 |
_a821.161.2(73) _bШ33 |
||
| 100 |
_aЩварц Д. _922948 |
||
| 245 |
_aАнатомія: історія кохання _cДана Шварц ; пер. з англ. Наталії Гоїн |
||
| 260 |
_aХарків _bЖорж _c2025 |
||
| 300 | _a344 с. | ||
| 520 | _aГейзел — наречена майбутнього віконта, якій кортить стати хірургом більше, ніж вдало вийти заміж. Джек — викрадач трупів, який просто намагається вижити в місті, де так легко померти. Їхня випадкова зустріч відкриває для Гейзел нові можливості: вивчати анатомію не за підручниками, а на практиці й нарешті потрапити на курс до найвидатнішого хірурга країни, доктора Бічема. Однак у місті знову спалахує епідемія, яка кілька років тому забрала життя тисяч людей. Влада не зважає на загрозу, тож Гейзел та Джеку самотужки доведеться розкопувати таємниці, заховані не тільки в безіменних могилах, але й серед живих мешканців Единбурга. | ||
| 650 |
_a821 Художня література окремими мовами і мовними сім'ями _917 |
||
| 942 |
_cBK _2udc |
||
| 955 | _a3 | ||
| 999 |
_c579568 _d579568 |
||